Horses at home /

Bibliographic Details
Main Author: Tmej, Zdeněk
Other Authors: Chochola, Václav, Brunner, John, 1934-1995
Format: Book
Language:English
Published: London : Spring Books, [between 1950 and 1959?]
Subjects:

MARC

Tag First Indicator Second Indicator Subfields
LEADER 00000cam a2200000Ii 4500
001 in00001569713
005 20170426112859.0
008 790622q19501959enka 000 0 eng d
035 |a (OCoLC)ocm05096223 
040 |a CPO  |c CPO  |d OCL  |d TXA  |d UtOrBLW 
049 |a TXAM 
090 |a SF303  |b .T54 
100 1 |a Tmej, Zdeněk. 
245 1 0 |a Horses at home /  |c photographs by Zdeněk Tmej and Václav Chochola ; text by John Brunner. 
264 1 |a London :  |b Spring Books,  |c [between 1950 and 1959?] 
300 |a 78 pages, 2 unnumbered pages :  |b chiefly illustrations ;  |c 29 cm. 
336 |a text  |b txt  |2 rdacontent 
337 |a unmediated  |b n  |2 rdamedia 
338 |a volume  |b nc  |2 rdacarrier 
650 0 |a Horses  |v Pictorial works. 
650 0 |a Arabian horse  |v Pictorial works. 
700 1 |a Chochola, Václav. 
700 1 |a Brunner, John,  |d 1934-1995. 
948 |a cataloged  |b h  |c 2000/11/22  |d c  |e eneff  |f 11:32:45 am 
994 |a E0  |b TXA 
999 |a MARS 
999 f f |s bb95ba8b-c949-3412-834a-1b3a9e8e56f1  |i bbf158c9-8f2d-3e8e-b635-dc8a552be7a9  |t 0 
952 f f |p ric  |a Texas A&M University  |b Rellis Campus  |c Joint Library Facility  |d Remote Storage  |t 0  |e SF303 .T54  |h Library of Congress classification  |i unmediated -- volume  |m A14826642534 
998 f f |a SF303 .T54  |t 0  |l Remote Storage